Matilde d'Anglaterra / de Ferran Soldevila
Descripción Física:
73 p. ; 18 cm
Colección:
Biblioteca teatral ; 3
MARC
| LEADER | 00000nam a2200000Ia 4500 | ||
|---|---|---|---|
| 001 | 8367 | ||
| 008 | 160829s1923 xx 000 0 cat d | ||
| 710 | 2 | |a Escola Catalana d'Art Dramàtic |9 55259 | |
| 952 | |0 0 |1 0 |4 0 |6 L1122 |7 1 |9 43242 |a Arxiu |b Arxiu |d 2016-12-01 |l 0 |o L-1-122 |p 8367 |r 2016-12-01 00:00:00 |w 2016-12-01 |y ARXIU | ||
| 999 | |c 45786 |d 45786 | ||
| 080 | |a L-1-122 | ||
| 100 | 1 | |a Soldevila, Ferran, |d 1894-1971 |9 35828 | |
| 245 | |a Matilde d'Anglaterra / de Ferran Soldevila | ||
| 260 | |a Barcelona : |b Escola Catalana d'Art Dramàtic, |c 1923 | ||
| 300 | |a 73 p. ; |c 18 cm | ||
| 490 | |a Biblioteca teatral ; 3 | ||
| 901 | |a Arxiu | ||
| 942 | |n 1 |2 udc | ||